000 01001nam a2200229 i 4500
001 bg
245 1 0 _a"Identyfikacja potrzeb osób niepełnosprawnych w zakresie aktywizacji zawodowej" :
_braport z badań kwestionariuszowych przeprowadzonych w ramach realizacji Partnerskiego Projektu "Kluczowa rola gminy w aktywizacji zawodowej osób niepełnosprawnych" /
_caut. oprac. Piotr Radecki.
260 _aWarszawa :
_bKrajowa Izba Gospodarczo-Rehabilitacyjna. Dział Informacji Gospodarczej i Wydawnictw,
_c2007.
300 _a176, [1] s. :
_bwykr. ;
_c24 cm.
650 9 _aNiepełnosprawni
_xadaptacja zawodowa
650 9 _aNiepełnosprawni
_xpraca
_xsocjologia
_zPolska
_yod 2001 r.
650 9 _aRehabilitacja zawodowa
_zPolska
_yod 2001 r.
700 1 _aRadecki, Piotr.
_eOprac.
020 _a9788392362760
040 _cBPK
041 _apol
044 _aPOL
080 _a331.5-056.26(438)"2001/..."
920 _a978-83-923627-6-0
942 _cKS
008 s pl f |000 0 pol
999 _c55502
_d55502
856 _uhttp://koha.tu.koszalin.pl/cgi-bin/koha/opac-detail.pl?biblionumber=55502
_yKatalog online BPK